000 01062cab a2200277 4500
001 ABS59387
008 090401t1998 xxu||||| |||| 00| 0 eng d
035 _a(Sirsi) u89446
041 _aeng
100 _aTolson, S.
245 _aCollateral warranties - a lawyer`s eye view
260 _c1998
350 _a0
490 _aFaculty of Building Journal
_v7(5) October 1998, 30-32(3)
520 _aConsiders the structure of collateral warranties, the parties involved, recitals, consideration clauses, contractual undertakings, warranties governing reasonable skill and care and fitness for purpose, indemnities, limitation of damages, and deleterious materials.
650 _aBUILT ENVIRONMENT-BUILDING CONTRACT FORMS-CONSTRUCTION COLLATERAL WARRANTY FORMS
650 _aDAMAGE LIMITATION
650 _aDELETERIOUS MATERIALS
650 _aFITNESS FOR PURPOSE
650 _aINDEMNITIES
650 _aREASONABLE CARE
650 _aREASONABLE SKILL
690 _aBUILT ENVIRONMENT-BUILDING CONTRACT FORMS
942 _n0
948 _c03/11/1998
999 _c56587
_d56587